01061nam a2200265Ia 4500001000600000003000900006008004100015040001300056040001300069041001300082100002400095100002900119240003400148240003500182245002800217245002800245250001100273260001200284260001200296260004900308300004300357500033200400650003200732650003100764E5268IT-RoPAU130308s9999 xx 000 0 und d aIT-RoPAU cIT-RoPAU aITALIANO aDodd Charles Harold gCodice Aut. SPICS: 48473 aPARABLES OF THE KINGDOM (THE) gCodice Tit. Orig. Spics: T3060 aParabole del regno (Le) bParabole del regno (Le) a2a ed. aBRESCIA bPaideia c1976 [1° Ed.:1970 - Ed.Ling.Originale:1961] a"204 p. (prefazione: no ; testo: 204)" aNatura e scopo delle parabole Evangeliche. regno di Dio: in Particolare Inluca e Matteo. Giorno del figlio dell'Uomo. circostanze Storiche del Ministero di Gesu' e della Vita della Chiesa Primitiva, Tempo in Cui Furono scritti I Vangeli. parabole della Crisi. parabole della Crescita. indice delle parabole e dei passi Biblici. aSTUDI/COMMENTI SULLA BIBBIA eCodice materia Spics: 9052